ROH Women's Champions - Statistics

General Stats
  • This quiz has been taken 82 times
    53 since last reset
  • The average score is 5 of 8
Answer Stats
Title Reigns Last Won Champion % Correct
1 2022 Athena
89%
1 2022 Mercedes Martinez
83%
1 2021 Rok-C
75%
1 2019 Angelina Love
61%
1 2022 Deonna Purrazzo
61%
3 2019 Kelly Klein
44%
1 2018 Sumie Sakai
42%
1 2019 Mayu Iwatani
33%
No matching quizzes found
Score Distribution
Percent of People with Each Score
Percentile by Number Answered
Your Score History
You have not taken this quiz since the last reset